000
00265nam a2200097Ia 4500
001
644249
005
20250826153601.0
008
250824s9999 xx 000 0 und d
245
0
_a
KÜÇÜK KEMANCI GENÇLİK KLASİKLERİ
_c
ELENOR H. PORTER
260
_b
TİMAŞ ÇOCUK
999
_c
644249
_d
644249